[Event "Sydney International Open"]
[Site "Parramatta, NSW"]
[Date "2010.04.08"]
[Round "4.26"]
[White "Tan, Kevin"]
[Black "Jackson, Ralph"]
[Result "0-1"]
[WhiteElo "1882"]
[BlackElo "2081"]
[PlyCount "82"]
[EventDate "2010.04.07"]
[EventType "swiss"]
[EventRounds "9"]
[EventCountry "AUS"]
[SourceDate "2010.04.07"]

1. Nf3 g6 2. g3 Bg7 3. Bg2 d6 4. O-O Nf6 5. d3 Nbd7 6. e4 O-O 7. Nc3 c6 8. Nh4
e5 9. f4 exf4 10. Bxf4 Qb6+ 11. Kh1 Qxb2 12. Na4 Qa3 13. c3 b5 14. Qd2 bxa4 15.
Bh6 Bh8 16. Nf5 Re8 17. d4 Nxe4 18. Bxe4 Rxe4 19. Qc2 d5 20. Bc1 Qf8 21. Nh6+
Kg7 22. Rxf7+ Qxf7 23. Nxf7 Kxf7 24. Qxa4 Re6 25. Bf4 Nb6 26. Qb4 Bf6 27. Rf1
Ba6 28. Rf2 Rae8 29. Qa5 Bc8 30. Qxa7+ Nd7 31. a4 Kg8 32. Qc7 c5 33. Be5 Bxe5
34. dxe5 Nxe5 35. a5 Ba6 36. Rb2 Ng4 37. Kg2 h5 38. Kh3 g5 39. Kg2 Re2+ 40.
Rxe2 Rxe2+ 41. Kh3 Rxh2# 0-1

[Event "Sydney International Open"]
[Site "Parramatta, NSW"]
[Date "2010.04.08"]
[Round "4.27"]
[White "Shaw, Robin A"]
[Black "Kumar, Manoj"]
[Result "1-0"]
[WhiteElo "1879"]
[BlackElo "2040"]
[PlyCount "67"]
[EventDate "2010.04.07"]
[EventType "swiss"]
[EventRounds "9"]
[EventCountry "AUS"]
[SourceDate "2010.04.07"]

1. e4 c5 2. d4 cxd4 3. c3 dxc3 4. Nxc3 Nc6 5. Nf3 e6 6. Bc4 d6 7. O-O Be7 8.
Qe2 a6 9. a4 Nf6 10. Rd1 Bd7 11. Bf4 e5 12. Bg5 Bg4 13. Be3 O-O 14. h3 Bh5 15.
Rab1 Rc8 16. Bd5 Qc7 17. g4 Bg6 18. Nh4 Rfd8 19. Rbc1 Qa5 20. Nxg6 hxg6 21. g5
Nd7 22. Qf3 Rf8 23. Qg4 Rcd8 24. Kg2 Qb4 25. b3 Nd4 26. Bxd4 exd4 27. Ne2 Ne5
28. Qg3 d3 29. Nf4 Rc8 30. Rc4 Nxc4 31. Nxg6 Kh7 32. Nxe7 g6 33. Qh4+ Kg7 34.
Qh6# 1-0

[Event "Sydney International Open"]
[Site "Parramatta, NSW"]
[Date "2010.04.08"]
[Round "4.28"]
[White "Stojic, Svetozar"]
[Black "Yu, Sally"]
[Result "1-0"]
[WhiteElo "2013"]
[BlackElo "1933"]
[PlyCount "81"]
[EventDate "2010.04.07"]
[EventType "swiss"]
[EventRounds "9"]
[EventCountry "AUS"]
[SourceDate "2010.04.07"]

1. e4 e5 2. Nf3 Nc6 3. Bb5 a6 4. Ba4 Nf6 5. O-O Nxe4 6. d4 b5 7. Bb3 d5 8. dxe5
Be6 9. c3 Bc5 10. Nbd2 O-O 11. Bc2 Nxf2 12. Rxf2 f6 13. exf6 Bxf2+ 14. Kxf2
Qxf6 15. Nf1 Ne5 16. Be3 Nxf3 17. gxf3 Qh4+ 18. Kg1 c6 19. Bc5 Rf7 20. a4 Bf5
21. axb5 Bxc2 22. Qxc2 cxb5 23. Qd3 Qc4 24. Qxc4 dxc4 25. Kf2 Rf5 26. Bd4 Raf8
27. Nd2 Rh5 28. Kg3 Rh6 29. Ne4 Rg6+ 30. Kf2 Rh6 31. Kg2 Rg6+ 32. Ng3 Re6 33.
h4 g6 34. Ne4 Rd8 35. Kg3 h6 36. Nc5 Re2 37. Rxa6 Kf7 38. Rf6+ Ke7 39. Rxg6
Rxb2 40. Rg7+ Ke8 41. Rg8+ 1-0

[Event "Sydney International Open"]
[Site "Parramatta, NSW"]
[Date "2010.04.08"]
[Round "4.29"]
[White "Perera, Pasan"]
[Black "Descallar, Levi"]
[Result "1-0"]
[WhiteElo "1575"]
[BlackElo "1979"]
[PlyCount "141"]
[EventDate "2010.04.07"]
[EventType "swiss"]
[EventRounds "9"]
[EventCountry "AUS"]
[SourceDate "2010.04.07"]

1. e4 c6 2. d4 d5 3. Nc3 dxe4 4. Nxe4 Nd7 5. Nf3 Ngf6 6. Ng3 e6 7. Bd3 Be7 8.
O-O O-O 9. c4 c5 10. d5 Nb6 11. dxe6 Bxe6 12. Qc2 h6 13. b3 Qc7 14. Bb2 Nbd7
15. Rfe1 Rfe8 16. Rad1 Bd6 17. Ne4 Nxe4 18. Bxe4 Rad8 19. h3 b6 20. Kh1 Be7 21.
Bh7+ Kf8 22. Rxe6 fxe6 23. Bg6 Nf6 24. Bxe8 Kxe8 25. Qg6+ Kf8 26. Re1 Qc6 27.
Ne5 Qe8 28. Qxe8+ Kxe8 29. Re2 Rd1+ 30. Kh2 Bd6 31. g3 a6 32. f4 Ke7 33. Nf3
Kf7 34. Kg2 Bc7 35. Be5 Bxe5 36. Nxe5+ Ke7 37. Nf3 Kd6 38. Rd2+ Rxd2+ 39. Nxd2
e5 40. Kf3 exf4 41. Kxf4 Ke6 42. Ne4 Nd7 43. a4 Ne5 44. a5 b5 45. cxb5 axb5 46.
Nxc5+ Kd5 47. a6 Nc6 48. Nd3 Kd4 49. Ne5 Na7 50. Kf5 Kc3 51. Ke6 Kxb3 52. Kd7
b4 53. Nc6 Kc4 54. Nxa7 b3 55. Nb5 Kb4 56. a7 b2 57. Na3 Kxa3 58. a8=Q+ Kb3 59.
Qb7+ Kc2 60. Qc6+ Kd1 61. Qb5 Kc2 62. Qc4+ Kd1 63. Qb3+ Kc1 64. Qc3+ Kb1 65.
Kc6 Ka2 66. Qc2 Ka1 67. Qa4+ Kb1 68. Kb5 Kc1 69. Qc4+ Kd1 70. Qb3+ Kc1 71. Qc3+
1-0

[Event "Sydney International Open"]
[Site "Parramatta, NSW"]
[Date "2010.04.08"]
[Round "4.30"]
[White "Grigg, Sam"]
[Black "Lester, George"]
[Result "1/2-1/2"]
[WhiteElo "1979"]
[BlackElo "1887"]
[PlyCount "74"]
[EventDate "2010.04.07"]
[EventType "swiss"]
[EventRounds "9"]
[EventCountry "AUS"]
[SourceDate "2010.04.07"]

1. c4 Nf6 2. Nc3 g6 3. e4 d6 4. d4 Bg7 5. Nf3 O-O 6. Be2 e5 7. O-O Nc6 8. d5
Ne7 9. b4 c6 10. a4 a5 11. bxa5 Qxa5 12. Bd2 c5 13. Qb3 Ne8 14. Qb5 Qd8 15.
Rfb1 Nc7 16. Qb6 Ra6 17. Qb3 f5 18. Bg5 Ne8 19. Bd3 f4 20. Kf1 h6 21. Bxe7 Qxe7
22. Ke2 g5 23. h3 h5 24. Nd2 g4 25. hxg4 hxg4 26. f3 Qg5 27. Kd1 Bf6 28. Kc2
Bd8 29. Be2 g3 30. Kd3 Ba5 31. Rh1 Rf6 32. Qd1 Rh6 33. Rxh6 Qxh6 34. Qf1 Bxc3
35. Kxc3 Qh2 36. a5 Nf6 37. Nb3 Bd7 1/2-1/2

[Event "Sydney International Open"]
[Site "Parramatta, NSW"]
[Date "2010.04.08"]
[Round "4.31"]
[White "Christensen, Joshua"]
[Black "Ansell, Alan"]
[Result "1/2-1/2"]
[WhiteElo "1838"]
[BlackElo "1968"]
[PlyCount "98"]
[EventDate "2010.04.07"]
[EventType "swiss"]
[EventRounds "9"]
[EventCountry "AUS"]
[SourceDate "2010.04.07"]

1. d4 Nf6 2. Nf3 e6 3. Bg5 c5 4. e3 b6 5. c3 Bb7 6. Bd3 Be7 7. Nbd2 d6 8. O-O
O-O 9. e4 Nbd7 10. Qe2 h6 11. Bh4 Nh5 12. Bxe7 Qxe7 13. g3 Nhf6 14. e5 dxe5 15.
dxe5 Ne8 16. Rad1 f6 17. exf6 Qxf6 18. Be4 Rb8 19. Nh4 Nd6 20. Bxb7 Rxb7 21.
Ne4 Nxe4 22. Qxe4 Rc7 23. Rd6 Ne5 24. f4 g5 25. Ng2 Rcf7 26. Re1 gxf4 27. Nxf4
Rg7 28. Qxe5 Qxe5 29. Rxe5 Rxf4 30. Rexe6 h5 31. Rg6 Rg4 32. Rxg7+ Rxg7 33. Kf2
Rf7+ 34. Ke2 Re7+ 35. Kf3 Rf7+ 36. Kg2 Kg7 37. h3 Re7 38. Rd2 Kg6 39. Rf2 Rd7
40. Kf3 Rf7+ 41. Ke3 Re7+ 42. Kd3 Kg5 43. Kc4 Re3 44. Rg2 Kf6 45. Kb5 Ke5 46.
Ka6 Kd5 47. Kxa7 Kc6 48. g4 Re7+ 49. Ka6 Re8 1/2-1/2

[Event "Sydney International Open"]
[Site "Parramatta, NSW"]
[Date "2010.04.08"]
[Round "4.32"]
[White "Cheung, Benjamin"]
[Black "Buciu, Aurel John"]
[Result "1-0"]
[WhiteElo "1946"]
[BlackElo "1701"]
[PlyCount "155"]
[EventDate "2010.04.07"]
[EventType "swiss"]
[EventRounds "9"]
[EventCountry "AUS"]
[SourceDate "2010.04.07"]

1. e4 e5 2. Nf3 Nf6 3. Nxe5 d6 4. Nf3 Nxe4 5. Nc3 Nf6 6. d4 Be7 7. Bf4 c6 8. d5
O-O 9. Be2 Qb6 10. Rb1 Qa5 11. dxc6 bxc6 12. O-O Bb7 13. Re1 Qd8 14. Qd2 Na6
15. Rbd1 d5 16. Nd4 Nc5 17. Bf3 Re8 18. a3 Bd6 19. Rxe8+ Nxe8 20. b4 Nd7 21.
Re1 Bxf4 22. Qxf4 Ndf6 23. Na4 Rc8 24. Nc5 Qc7 25. Qxc7 Rxc7 {
Black offered a draw.} 26. Nxb7 Rxb7 27. Nxc6 Kf8 28. Nd4 Rc7 29. Kf1 Rc3 30.
Re3 Rc4 31. c3 Nd6 32. Be2 Rc8 33. f3 Nd7 34. Ke1 Nb6 35. Ba6 Rc7 36. Nb5 Nxb5
37. Bxb5 g6 38. Kd2 Re7 39. Rxe7 Kxe7 40. Kd3 f6 41. c4 dxc4+ 42. Bxc4 Kd6 43.
Kd4 h6 44. Bb3 Kc6 45. Bf7 g5 46. Ke4 Kd6 47. Kf5 Ke7 48. Bb3 h5 49. a4 h4 50.
a5 Nc8 51. f4 Nd6+ 52. Kg4 gxf4 53. Kxf4 Nb5 54. Kg4 Nd4 55. Ba4 Ke6 56. Kxh4
Ke5 57. b5 Kd6 58. b6 axb6 59. axb6 Ne6 60. b7 Kc7 61. Bc6 Nd8 62. Bf3 Nf7 63.
Kg4 Ne5+ 64. Kf5 Nd7 65. h4 Kd8 66. h5 Ke7 67. Kg6 Kf8 68. Bg4 Nb8 69. Kxf6 Kg8
70. Be2 Kh7 71. Bb5 Kh6 72. g4 Kh7 73. g5 Kh8 74. g6 Kg8 75. g7 Kh7 76. Kf7 Kh6
77. g8=Q Kxh5 78. Be2+ 1-0

[Event "Sydney International Open"]
[Site "Parramatta, NSW"]
[Date "2010.04.08"]
[Round "4.33"]
[White "Milligan, Helen"]
[Black "Encel, Benjamin"]
[Result "1/2-1/2"]
[WhiteElo "2016"]
[BlackElo "1884"]
[PlyCount "51"]
[EventDate "2010.04.07"]
[EventType "swiss"]
[EventRounds "9"]
[EventCountry "AUS"]
[SourceDate "2010.04.07"]

1. e4 c5 2. Nf3 Nc6 3. Bb5 e6 4. Bxc6 bxc6 5. d3 Qc7 6. Qe2 e5 7. Nbd2 Ne7 8.
Nc4 d6 9. Bd2 Ng6 10. O-O Be7 11. h3 O-O 12. Nh2 f5 13. exf5 Bxf5 14. f4 exf4
15. Rae1 Rae8 16. Bxf4 Nxf4 17. Rxf4 d5 18. Rxf5 Rxf5 19. Qe6+ Rf7 20. Ne5 Ref8
21. Nhg4 Qd6 22. Nxf7 Rxf7 23. Qc8+ Rf8 24. Qe6+ Rf7 25. Qc8+ Rf8 26. Qe6+
1/2-1/2

[Event "Sydney International Open"]
[Site "Parramatta, NSW"]
[Date "2010.04.08"]
[Round "4.34"]
[White "Ruan, Harry"]
[Black "Ilic, Ilija"]
[Result "1/2-1/2"]
[WhiteElo "1801"]
[BlackElo "2009"]
[PlyCount "53"]
[EventDate "2010.04.07"]
[EventType "swiss"]
[EventRounds "9"]
[EventCountry "AUS"]
[SourceDate "2010.04.07"]

1. e4 d6 2. d4 Nf6 3. Nc3 g6 4. Bd3 Bg7 5. Nge2 O-O 6. O-O c5 7. Be3 cxd4 8.
Nxd4 Nc6 9. Nxc6 bxc6 10. h3 e5 11. Qd2 d5 12. exd5 cxd5 13. Bc5 Re8 14. Bb5
Bd7 15. Bxd7 Qxd7 16. f3 Qc6 17. Bf2 Rac8 18. Rac1 e4 19. Bd4 Rcd8 20. Rcd1
exf3 21. Rxf3 Ne4 22. Qd3 Bxd4+ 23. Qxd4 Nxc3 24. Rxc3 Qb7 25. Rb3 Qc6 26. Rc3
Qb7 27. Rb3 1/2-1/2

[Event "Sydney International Open"]
[Site "Parramatta, NSW"]
[Date "2010.04.08"]
[Round "4.35"]
[White "Bennett, Hilton"]
[Black "Brockman, Roland"]
[Result "1-0"]
[WhiteElo "2001"]
[BlackElo "1743"]
[PlyCount "43"]
[EventDate "2010.04.07"]
[EventType "swiss"]
[EventRounds "9"]
[EventCountry "AUS"]
[SourceDate "2010.04.07"]

1. e4 Nf6 2. e5 Nd5 3. d4 d6 4. c4 Nb6 5. exd6 cxd6 6. Nf3 g6 7. Be2 Bg7 8. Nc3
O-O 9. h3 Nc6 10. O-O Bf5 11. Be3 h6 12. Qd2 Kh7 13. Rac1 e5 14. Rfd1 Qe7 15.
d5 Nb8 16. b4 g5 17. c5 N6d7 18. Nb5 Na6 19. Nxd6 Bg6 20. Nxb7 Ndb8 21. c6 Nxb4
22. Bc5 1-0

[Event "Sydney International Open"]
[Site "Parramatta, NSW"]
[Date "2010.04.08"]
[Round "4.36"]
[White "Lee, Bryan"]
[Black "Ruan, Jack"]
[Result "0-1"]
[WhiteElo "1930"]
[BlackElo "1896"]
[PlyCount "62"]
[EventDate "2010.04.07"]
[EventType "swiss"]
[EventRounds "9"]
[EventCountry "AUS"]
[SourceDate "2010.04.07"]

1. e4 c5 2. Nf3 d6 3. d4 cxd4 4. Nxd4 Nf6 5. Nc3 a6 6. f4 e5 7. Nf3 Nbd7 8. a4
Be7 9. Bd3 b6 10. O-O O-O 11. Qe1 Bb7 12. Kh1 Qc7 13. Nh4 Rfc8 14. Nf5 Bf8 15.
fxe5 dxe5 16. Qg3 Kh8 17. Bg5 Qc6 18. Qh4 Qe6 19. Nd5 Ng8 20. Rf3 Nc5 21. Rh3
h6 22. Bc4 Nxe4 23. Qxe4 Rxc4 24. Qxc4 Bxd5 25. Qf1 Be4 26. Ne3 Qxh3 27. Qc4
Bxg2+ 28. Nxg2 hxg5 29. Qxf7 Nf6 30. Ra3 Bxa3 31. bxa3 Rd8 0-1

[Event "Sydney International Open"]
[Site "Parramatta, NSW"]
[Date "2010.04.08"]
[Round "4.37"]
[White "Barisic, Frank"]
[Black "Maroroa, Sue"]
[Result "0-1"]
[WhiteElo "1833"]
[BlackElo "1945"]
[PlyCount "94"]
[EventDate "2010.04.07"]
[EventType "swiss"]
[EventRounds "9"]
[EventCountry "AUS"]
[SourceDate "2010.04.07"]

1. e4 e5 2. Nf3 Nc6 3. Bb5 a6 4. Ba4 Nf6 5. d3 d6 6. c3 h6 7. h3 Be7 8. O-O g5
9. Nh2 g4 10. h4 d5 11. Nd2 dxe4 12. dxe4 Bc5 13. g3 Qd3 14. Kg2 Bd7 15. Bc2
Qd6 16. b4 Ba7 17. Bb2 Ne7 18. a3 Rd8 19. c4 Bc6 20. Nb3 Nxe4 21. Bxe4 Bxe4+
22. Kg1 Qxd1 23. Raxd1 Rxd1 24. Rxd1 Bc2 25. Re1 Bxb3 26. Bxe5 f6 27. Bxf6 Rh7
28. Nxg4 h5 29. Bxe7 Rxe7 30. Nf6+ Kf7 31. Rxe7+ Kxe7 32. Nxh5 Bxc4 33. Nf4 Bd4
34. h5 Kf6 35. Kg2 Kg5 36. f3 Be3 37. Nh3+ Kxh5 38. g4+ Kh4 39. Nf2 Bxf2 40.
Kxf2 Bd5 41. Kg2 b6 42. Kf2 c5 43. bxc5 bxc5 44. Ke3 Kg5 45. Kd3 Kf4 46. Kc3
Kxf3 47. g5 Kf4 0-1

[Event "Sydney International Open"]
[Site "Parramatta, NSW"]
[Date "2010.04.08"]
[Round "4.38"]
[White "Gu, Sean"]
[Black "Voon, Richard"]
[Result "1-0"]
[WhiteElo "1819"]
[BlackElo "1915"]
[PlyCount "45"]
[EventDate "2010.04.07"]
[EventType "swiss"]
[EventRounds "9"]
[EventCountry "AUS"]
[SourceDate "2010.04.07"]

1. e4 c5 2. c3 d5 3. exd5 Qxd5 4. d4 Nf6 5. Nf3 Nc6 6. Na3 cxd4 7. Nb5 Qd8 8.
Nbxd4 Bd7 9. Bc4 e6 10. O-O Be7 11. Bf4 a6 12. Re1 O-O 13. Qc2 Rc8 14. Nxc6
Bxc6 15. Ne5 Bd5 16. Bd3 Qa5 17. Qe2 Qa4 18. c4 Bc6 19. a3 Rfd8 20. Nxf7 Rxd3
21. Qxe6 Bd7 22. Nh6+ Kh8 23. Qg8+ 1-0

[Event "Sydney International Open"]
[Site "Parramatta, NSW"]
[Date "2010.04.09"]
[Round "5.2"]
[White "Malaniuk, Vladimir"]
[Black "Kunte, Abhijit"]
[Result "1/2-1/2"]
[WhiteElo "2582"]
[BlackElo "2528"]
[PlyCount "36"]
[EventDate "2010.04.07"]
[EventType "swiss"]
[EventRounds "9"]
[EventCountry "AUS"]
[SourceDate "2010.04.07"]

1. d4 Nf6 2. Nf3 e6 3. c4 b6 4. e3 Bb7 5. Bd3 d5 6. b3 Bd6 7. O-O O-O 8. Nc3
Nbd7 9. Bb2 a6 10. Rc1 Re8 11. cxd5 exd5 12. Ne2 Ne4 13. Ng3 g6 14. Qc2 f6 15.
Rfe1 Qe7 16. Nd2 f5 17. Ndf1 Rac8 18. Qd1 Ba3 1/2-1/2

[Event "Sydney International Open"]
[Site "Parramatta, NSW"]
[Date "2010.04.09"]
[Round "5.3"]
[White "Roy Chowdhury, Saptarshi"]
[Black "Jones, Gawain"]
[Result "0-1"]
[WhiteElo "2429"]
[BlackElo "2556"]
[PlyCount "86"]
[EventDate "2010.04.07"]
[EventType "swiss"]
[EventRounds "9"]
[EventCountry "AUS"]
[SourceDate "2010.04.07"]

1. e4 c6 2. d4 d5 3. f3 g6 4. Nc3 Bg7 5. Be3 Qb6 6. Qd2 Qxb2 7. Rb1 Qa3 8. exd5
Nf6 9. Bc4 O-O 10. Nge2 Nbd7 11. dxc6 bxc6 12. O-O Ba6 13. Rb3 Qa5 14. Bxa6
Qxa6 15. Rfb1 Rfd8 16. Qc1 Nd5 17. Nxd5 cxd5 18. Nf4 e6 19. Ra3 Qc4 20. c3 a5
21. Rab3 Rac8 22. Qd1 Bf8 23. Ne2 a4 24. Rb7 Rb8 25. Qd2 Qa6 26. Rxb8 Rxb8 27.
Rxb8 Nxb8 28. Kf2 Qb5 29. h4 Qb1 30. Bg5 Nd7 31. Qf4 e5 32. Qd2 exd4 33. Nxd4
Bc5 34. Kg3 Qh1 35. Qe2 Bd6+ 36. f4 Nc5 37. c4 Ne4+ 38. Kf3 Qh2 39. Ke3 Qg1+
40. Kd3 Nc5+ 41. Kc3 Ne4+ 42. Kd3 Nc5+ 43. Kc3 Qa1+ 0-1

[Event "Sydney International Open"]
[Site "Parramatta, NSW"]
[Date "2010.04.09"]
[Round "5.4"]
[White "Panchanathan, Magesh Chandran"]
[Black "Bojkov, Dejan"]
[Result "0-1"]
[WhiteElo "2543"]
[BlackElo "2505"]
[PlyCount "186"]
[EventDate "2010.04.07"]
[EventType "swiss"]
[EventRounds "9"]
[EventCountry "AUS"]
[SourceDate "2010.04.07"]

1. e4 e5 2. Nf3 Nc6 3. Bb5 a6 4. Ba4 Nf6 5. O-O Be7 6. Re1 b5 7. Bb3 d6 8. c3
O-O 9. h3 Na5 10. Bc2 c5 11. d4 Qc7 12. d5 Bd7 13. b3 Ne8 14. Nbd2 g6 15. Nf1
Ng7 16. Bh6 Nb7 17. g4 f6 18. Ng3 Nd8 19. a4 Nf7 20. Be3 Ng5 21. Kh2 bxa4 22.
bxa4 Qa5 23. Nxg5 fxg5 24. Qd2 h6 25. Bd3 Rfb8 26. Rec1 Ne8 27. Bc4 Nf6 28. Kg2
Kg7 29. Qc2 Qd8 30. Nf1 Qe8 31. Nd2 Bd8 32. Be2 Bc7 33. Nc4 Rb7 34. Bd3 Rbb8
35. f3 Rb7 36. Kg3 Rab8 37. Ra3 Qf7 38. Be2 Qe8 39. Rh1 Qf7 40. Qd1 Qe8 41. Bd3
Qf7 42. Bc2 Rf8 43. Ra1 Rfb8 44. Kg2 Ng8 45. Qd2 Rf8 46. Qe2 Rfb8 47. Rh2 Qe8
48. Kg3 Qf8 49. Ra2 Bd8 50. Rh1 Bc7 51. Rha1 Qe8 52. Nd2 Ra7 53. Bd3 Bc8 54.
Kg2 Bd7 55. Nc4 Rb3 56. Qc2 Rb8 57. Rh1 Qe7 58. Qd2 Rab7 59. Bc2 Bd8 60. Kf2
Qf8 61. Ke2 Qf6 62. Raa1 Qf8 63. Rag1 Qe7 64. Kd3 Qf8 65. Qf2 Be7 66. Rh2 Qc8
67. Rgh1 Qd8 68. Qd2 Qe8 69. Ra1 Qd8 70. Ke2 Be8 71. Bf2 Bd7 72. Bg3 Qf8 73.
Rah1 Nf6 74. Qe3 Ng8 75. h4 Rb2 76. Nxb2 Rxb2 77. Qc1 Qb8 78. Kd1 Bxa4 79. Bxa4
Rb1 80. h5 gxh5 81. Rxh5 Bd8 82. R5h2 Ba5 83. Rc2 c4 84. Ke2 Rxc1 85. Rhxc1 Ne7
86. Ra2 Ng6 87. Bc6 Qb6 88. Bf2 Qb3 89. Rcc2 Nf4+ 90. Kd2 Bxc3+ 91. Rxc3 Qxa2+
92. Rc2 Qa5+ 93. Kd1 Qa3 0-1

[Event "Sydney International Open"]
[Site "Parramatta, NSW"]
[Date "2010.04.09"]
[Round "5.5"]
[White "Illingworth, Max"]
[Black "Zhao, Zong Yuan"]
[Result "0-1"]
[WhiteElo "2289"]
[BlackElo "2592"]
[PlyCount "98"]
[EventDate "2010.04.07"]
[EventType "swiss"]
[EventRounds "9"]
[EventCountry "AUS"]
[SourceDate "2010.04.07"]

1. d4 Nf6 2. Nf3 e6 3. c4 c5 4. d5 d6 5. Nc3 exd5 6. cxd5 g6 7. Qa4+ Nbd7 8.
Bf4 a6 9. e4 Rb8 10. Qc2 b5 11. Be2 Qe7 12. Nd2 Bg7 13. O-O O-O 14. a4 b4 15.
Nd1 Re8 16. Bd3 Ne5 17. Be2 b3 18. Nxb3 Nxe4 19. Na5 Bf5 20. Ne3 Ng3 (20...
Rxb2 21. Qxb2 Nf3+ 22. gxf3 Bxb2 23. fxe4 Qxe4 $17 {Baron,M & Goldenberg,I})
21. Nxf5 Nxf5 22. Bxe5 Qxe5 23. Bxa6 Qxd5 24. Bb5 Nd4 25. Qd1 Rec8 26. Re1 Qa8
27. Nc4 d5 28. Ne5 Qb7 29. f4 Rd8 30. b4 Bxe5 31. Rxe5 Nxb5 32. axb5 cxb4 33.
h4 Qxb5 34. h5 b3 35. Rb1 Qb6+ 36. Kh2 Qf6 37. g3 b2 38. Qd2 Qb6 39. Rxd5 Rxd5
40. Qxd5 Qb5 41. Qxb5 Rxb5 42. hxg6 hxg6 43. Kh3 Kg7 44. Kg4 Kf6 45. Kf3 Rb4
46. Kg4 Rb3 47. Kh4 Kf5 48. g4+ Kxf4 49. g5 Ke3 0-1

[Event "Sydney International Open"]
[Site "Parramatta, NSW"]
[Date "2010.04.09"]
[Round "5.6"]
[White "Ikeda, Junta"]
[Black "Macak, Stefan"]
[Result "1-0"]
[WhiteElo "2302"]
[BlackElo "2470"]
[PlyCount "69"]
[EventDate "2010.04.07"]
[EventType "swiss"]
[EventRounds "9"]
[EventCountry "AUS"]
[SourceDate "2010.04.07"]

1. Nf3 c5 2. e4 d6 3. g3 Nc6 4. Bg2 g6 5. d3 Bg7 6. Nbd2 e6 7. c3 Nge7 8. Qe2
O-O 9. h4 h6 10. Nh2 b5 11. a3 Rb8 12. f4 f5 13. Ndf3 a5 14. g4 fxg4 15. Nxg4
h5 16. Nf2 b4 17. axb4 axb4 18. Nd1 bxc3 19. bxc3 Qe8 20. Ng5 Bd7 21. Bh3 Nd8
22. O-O Nec6 23. Bd2 Nf7 24. Ne3 Nh6 25. Ra6 Rf6 26. Nc4 Qe7 27. Qg2 e5 28. Ne3
Bxh3 29. Qxh3 Qb7 30. Nd5 Kh8 31. Rb6 Qxb6 32. Nxb6 Rxb6 33. Qd7 Ng4 34. Qc7
Ra6 35. Qc8+ 1-0

[Event "Sydney International Open"]
[Site "Parramatta, NSW"]
[Date "2010.04.09"]
[Round "5.7"]
[White "Xie, George"]
[Black "Fernandez, Daniel Howard"]
[Result "0-1"]
[WhiteElo "2470"]
[BlackElo "2299"]
[PlyCount "114"]
[EventDate "2010.04.07"]
[EventType "swiss"]
[EventRounds "9"]
[EventCountry "AUS"]
[SourceDate "2010.04.07"]

1. e4 e5 2. Nf3 Nc6 3. Nc3 Nf6 4. Bb5 d6 5. d4 exd4 6. Nxd4 Bd7 7. Bxc6 bxc6 8.
O-O Be7 9. Re1 O-O 10. h3 Re8 11. Qf3 c5 12. Nf5 Bxf5 13. Qxf5 g6 14. Qf3 Nd7
15. b3 Bf6 16. Bb2 Ne5 17. Qg3 Rb8 18. Nd5 Nf3+ 19. Qxf3 Bxb2 20. Rad1 Bg7 21.
Qf4 c4 22. Qc1 c6 23. Nf4 Qa5 24. a4 Qc5 25. Qe3 Qxe3 26. Rxe3 Rb4 27. g3 cxb3
28. Rxb3 Rd4 29. Rxd4 Bxd4 30. Rb4 Rxe4 31. Kf1 Re1+ 32. Kg2 Rd1 33. Kf3 Rd2
34. Ne2 Bb6 35. Rc4 Bc5 36. c3 Kg7 37. Nd4 Kf6 38. g4 Ke5 39. Nxc6+ Kd5 40. Na5
Bb6 41. Rb4 Rxf2+ 42. Kg3 Rc2 43. c4+ Ke6 44. Nb3 Rc3+ 45. Kg2 f5 46. a5 Be3
47. gxf5+ gxf5 48. a6 f4 49. Rb7 h5 50. c5 dxc5 51. Na5 c4 52. Nc6 Ra3 53. Rh7
Kd5 54. Ne7+ Ke4 55. h4 Ra2+ 56. Kh3 Bg1 57. Rxh5 Kf3 0-1

[Event "Sydney International Open"]
[Site "Parramatta, NSW"]
[Date "2010.04.09"]
[Round "5.8"]
[White "Rujevic, Mirko"]
[Black "Lahiri, Atanu"]
[Result "0-1"]
[WhiteElo "2261"]
[BlackElo "2368"]
[PlyCount "71"]
[EventDate "2010.04.07"]
[EventType "swiss"]
[EventRounds "9"]
[EventCountry "AUS"]
[SourceDate "2010.04.07"]

1. e4 e6 2. d4 d5 3. Nc3 Nf6 4. e5 Nfd7 5. f4 c5 6. Nf3 Nc6 7. Be3 cxd4 8. Nxd4
Bc5 9. Qd2 O-O 10. O-O-O a6 11. Qf2 Qe7 12. Bd3 f6 13. exf6 Nxf6 14. h3 Bd7 15.
Kb1 Bd6 16. Rhe1 Rac8 17. Nf3 Nb4 18. Qd2 Qd8 19. Bd4 Qa5 20. Be5 Rxc3 21. Qxc3
Qxa2+ 22. Kc1 Rc8 23. Qxc8+ Bxc8 24. Bxd6 Nxd3+ 25. Rxd3 Qa1+ 26. Kd2 Ne4+ 27.
Rxe4 dxe4 28. Rc3 exf3 29. Rxc8+ Kf7 30. gxf3 Qxb2 31. Rc7+ Ke8 32. Be5 Qb4+
33. c3 Qb2+ 34. Kd3 a5 35. Rxg7 b5 36. Rxh7 0-1

[Event "Sydney International Open"]
[Site "Parramatta, NSW"]
[Date "2010.04.09"]
[Round "5.9"]
[White "Sharma, Dinesh Kumar"]
[Black "Steadman, Michael"]
[Result "1-0"]
[WhiteElo "2361"]
[BlackElo "2264"]
[PlyCount "73"]
[EventDate "2010.04.07"]
[EventType "swiss"]
[EventRounds "9"]
[EventCountry "AUS"]
[SourceDate "2010.04.07"]

1. e4 e6 2. d4 d5 3. Nc3 Nf6 4. e5 Nfd7 5. f4 c5 6. Nf3 Nc6 7. Be3 cxd4 8. Nxd4
Bc5 9. Qd2 O-O 10. O-O-O a6 11. h4 Nxd4 12. Bxd4 b5 13. Rh3 b4 14. Ne2 Be7 15.
Be3 a5 16. Nd4 Qc7 17. Kb1 Ba6 18. h5 Nc5 19. Bd3 a4 20. Bxa6 Rxa6 21. Nb5 Qb6
22. Bxc5 Bxc5 23. Nd4 Rc8 24. Rd3 Ra7 25. Nf3 Rac7 26. f5 Be7 27. Nd4 Rc4 28.
f6 Bf8 29. Rg3 g6 30. hxg6 fxg6 31. f7+ Kxf7 32. Qf4+ Ke8 33. Rf3 Be7 34. Qf7+
Kd7 35. Nxe6 Rxc2 36. Rxd5+ Kc6 37. Nd4+ 1-0

[Event "Sydney International Open"]
[Site "Parramatta, NSW"]
[Date "2010.04.09"]
[Round "5.10"]
[White "Teichmann, Erik OMC"]
[Black "Charles, Gareth"]
[Result "1/2-1/2"]
[WhiteElo "2325"]
[BlackElo "2148"]
[PlyCount "119"]
[EventDate "2010.04.07"]
[EventType "swiss"]
[EventRounds "9"]
[EventCountry "AUS"]
[SourceDate "2010.04.07"]

1. b4 e5 2. Bb2 Bxb4 3. Bxe5 Nf6 4. Nf3 d5 5. e3 O-O 6. Be2 c5 7. O-O Nc6 8.
Bf4 h6 9. h3 Bf5 10. d3 Re8 11. Qc1 Qd7 12. c4 dxc4 13. Qxc4 Nd5 14. Bg3 Nb6
15. Qb3 Na5 16. Qd1 c4 17. Nd4 Bxd3 18. Bxd3 cxd3 19. Qxd3 Nc6 20. Nd2 Nxd4 21.
exd4 Bxd2 22. Qxd2 Re4 23. Rad1 Rd8 24. Qa5 Rxd4 25. Rxd4 Qxd4 26. Qxa7 Ra8 27.
Qxb7 Rxa2 28. Qb8+ Kh7 29. Kh2 Rd2 30. Re1 Nd7 31. Qe8 f5 32. Qe6 Qd5 33. Qe3
Nf6 34. Bf4 Rd3 35. Qc1 Qd7 36. Be5 Ne4 37. f3 Ng5 38. Qf4 Qf7 39. Bb2 Rd7 40.
Ba3 Qg6 41. Re5 Rf7 42. Re8 Qc6 43. Qe5 Qa4 44. Bd6 Qc2 45. Qd5 Qa4 46. Rc8 Qd7
47. Rc7 Qe8 48. Rc5 Qe6 49. f4 Qxd5 50. Rxd5 Ne4 51. Be5 Ra7 52. g4 fxg4 53.
hxg4 Nf6 54. Bxf6 gxf6 55. Kg3 Ra1 56. Rd7+ Kg8 57. Re7 Rg1+ 58. Kh3 Rf1 59. f5
h5 60. gxh5 1/2-1/2